000 00302nam a2200109Ia 4500
008 200302s9999 xx 000 0 und d
100 _aKheir AL- Kodmany
245 _aUnderstanding tall buildings a Theory of placemaking
260 _bTaylor and Francis Group Publishing
260 _c2017
300 _a254
999 _c6554
_d6554